Sports Quiz

Random Sports or MLB Quiz
Score 0/20 Timer 05:00
0 Plays Today
Wins Manager % Correct
2,326 WinsJoe Torre
94.6%
2,728 WinsTony La Russa
88.9%
1,863 WinsDusty Baker
85.4%
2,504 WinsBobby Cox
82.8%
1,650 WinsMike Scioscia
80.2%
2,194 WinsSparky Anderson
76.5%
1,769 WinsJim Leyland
69.7%
2,003 WinsBruce Bochy
68.5%
1,835 WinsLou Piniella
63.7%
3,731 WinsConnie Mack
62.8%
Wins Manager % Correct
1,905 WinsCasey Stengel
62%
2,763 WinsJohn McGraw
44%
2,040 WinsWalter Alston
39.3%
2,125 WinsJoe McCarthy
35%
1,902 WinsGene Mauch
34%
2,008 WinsLeo Durocher
27.6%
1,619 WinsRalph Houk
26.4%
2,158 WinsBucky Harris
11.3%
1,667 WinsTerry Francona
9.5%
1,896 WinsBill McKechnie
7.2%

You're not logged in!

Compare scores with friends on all Sporcle quizzes.
OR
Log In

Sporcle TV

Today on Sporcle TV


Watch our educational content, quiz creation guides, and fun videos on Sporcle TV.

Show Comments

Extras

Top Quizzes Today


Score Distribution

Paid Content

Your Account Isn't Verified!

In order to create a playlist on Sporcle, you need to verify the email address you used during registration. Go to your Sporcle Settings to finish the process.

Report this User

Report this user for behavior that violates our Community Guidelines.

Details: